[Event "Kaltern Trophy-A 2nd"]
[Site "Kaltern"]
[Date "2017.10.28"]
[Round "3"]
[White "Waldner, Mirko"]
[Black "Comai, Samuele"]
[Result "1/2-1/2"]
[WhiteElo "2068"]
[BlackElo "1890"]
[PlyCount "60"]
[EventDate "2017.10.27"]
[EventType "swiss"]
[EventRounds "5"]
[EventCountry "ITA"]
[SourceTitle "CBM 181 Extra"]
[Source "ChessBase"]
[SourceDate "2017.12.12"]
[SourceVersion "1"]
[SourceVersionDate "2017.12.12"]
[SourceQuality "1"]

1. d4 Nf6 2. c4 e6 3. Nc3 Bb4 4. a3 Bxc3+ 5. bxc3 c5 6. Nf3 b6 7. e3 0-0 8. Bd3 d5 9. 0-0 Ba6 10. cxd5 Bxd3 11. Qxd3 exd5 12. a4 c4 13. Qc2 Nc6 14. Re1 Ne4 15. Nd2 Nxd2 16. Bxd2 f5 17. f3 Qf6 18. Re2 Rae8 19. Rae1 Na5 20. Bc1 Nb3 21. Ba3 Rf7 22. h3 h6 23. e4 fxe4 24. fxe4 dxe4 25. Rxe4 Rxe4 26. Qxe4 Qf2+ 27. Kh1 Nd2 28. Qe8+ Kh7 29. Bd6 Rf6 30. Qe2 Qxe2 1/2-1/2

[Event "Kaltern Trophy-A 2nd"]
[Site "Kaltern"]
[Date "2017.10.27"]
[Round "1"]
[White "Waldner, Mirko"]
[Black "Cancian, Loris"]
[Result "1/2-1/2"]
[WhiteElo "2068"]
[BlackElo "1878"]
[PlyCount "73"]
[EventDate "2017.10.27"]
[EventType "swiss"]
[EventRounds "5"]
[EventCountry "ITA"]
[SourceTitle "CBM 181 Extra"]
[Source "ChessBase"]
[SourceDate "2017.12.12"]
[SourceVersion "1"]
[SourceVersionDate "2017.12.12"]
[SourceQuality "1"]

1. f4 b6 2. Nf3 Bb7 3. e3 d6 4. Bc4 e6 5. 0-0 Nf6 6. b3 Nbd7 7. Bb2 Nc5 8. f5 Qd7 9. a4 0-0-0 10. Qe2 d5 11. Ne5 Qe8 12. b4 dxc4 13. bxc5 Bxc5 14. Nxc4 exf5 15. Rxf5 Qe4 16. Rxc5 bxc5 17. d3 Qe6 18. Nbd2 Nd5 19. Ne4 Qe7 20. Qg4+ Kb8 21. Rb1 Rhf8 22. Qe2 f5 23. Nxc5 Qxc5 24. Ba3 Nc3 25. Bxc5 Nxe2+ 26. Kf2 Nc3 27. Rb3 Nxa4 28. Bxf8 Rxf8 29. Ne5 Kc8 30. Ra3 Nb6 31. Rxa7 f4 32. e4 Re8 33. Nf3 h6 34. h4 Re6 35. Nd4 Rf6 36. Ra5 Kd7 37. Rb5 1/2-1/2

[Event "Ortisei Server24 op 1st"]
[Site "Ortisei"]
[Date "2012.06.07"]
[Round "6"]
[White "Bertagnolli, Alexander"]
[Black "Waldner, Mirko"]
[Result "1-0"]
[WhiteElo "2370"]
[BlackElo "2068"]
[PlyCount "101"]
[EventDate "2012.06.02"]
[EventType "swiss"]
[EventRounds "9"]
[EventCountry "ITA"]
[SourceTitle "EXT 2014"]
[Source "ChessBase"]
[SourceDate "2013.11.20"]
[SourceVersion "1"]
[SourceVersionDate "2013.11.20"]
[SourceQuality "1"]

1. e4 d6 2. d4 Nf6 3. Nc3 g6 4. Bg5 c6 5. Qd2 b5 6. f3 Qa5 7. a3 Nbd7 8. b4 Qc7 9. a4 bxa4 10. Nxa4 Bg7 11. Bd3 0-0 12. Ne2 e5 13. c3 a5 14. b5 Bb7 15. 0-0 cxb5 16. Bxb5 Rfc8 17. d5 Ba6 18. Bc6 Bb7 19. Bxb7 Qxb7 20. Qd3 Nc5 21. Nxc5 Rxc5 22. Rfb1 Qc8 23. Be3 Nd7 24. Bxc5 Nxc5 25. Qc4 Bh6 26. Ng3 Rb8 27. Rb5 Rxb5 28. Qxb5 a4 29. Rb1 Kg7 30. Nf1 Qa8 31. g3 a3 32. Ra1 Qa7 33. Kg2 Bg5 34. h4 Bh6 35. Qc4 f5 36. Nh2 Bd2 37. Qb4 Nd3 38. Qxa3 Qf2+ 39. Kh3 Qe2 40. Qa7+ Kh6 41. Rf1 Be3 42. Qa1 Bg1 43. exf5 Nf4+ 44. Kg4 gxf5+ 45. Kxf5 Qd3+ 46. Kf6 Nxd5+ 47. Ke6 Nb6 48. Qc1+ Kg7 49. Qg5+ Kh8 50. Qf6+ Kg8 51. Qf7+ 1-0

[Event "Ortisei Server24 op 1st"]
[Site "Ortisei"]
[Date "2012.06.04"]
[Round "3"]
[White "Waldner, Mirko"]
[Black "Van Foreest, Lucas"]
[Result "1-0"]
[WhiteElo "2068"]
[BlackElo "1960"]
[PlyCount "109"]
[EventDate "2012.06.02"]
[EventType "swiss"]
[EventRounds "9"]
[EventCountry "ITA"]
[SourceTitle "EXT 2014"]
[Source "ChessBase"]
[SourceDate "2013.11.20"]
[SourceVersion "1"]
[SourceVersionDate "2013.11.20"]
[SourceQuality "1"]

1. d4 Nf6 2. c4 g6 3. Nc3 Bg7 4. e4 d6 5. f3 0-0 6. Be3 e5 7. Qd2 Nc6 8. d5 Ne7 9. Nge2 Ne8 10. g4 f5 11. gxf5 gxf5 12. 0-0-0 f4 13. Bf2 Nf6 14. Kb1 Ng6 15. Nc1 b6 16. Nd3 Bd7 17. Rc1 Qe8 18. h4 Nh5 19. Bh3 a5 20. Bxd7 Qxd7 21. Rcg1 Bf6 22. Rg4 Kh8 23. Be1 Rg8 24. Ne2 Rg7 25. Nf2 Rag8 26. Nh3 Nf8 27. Nf2 Ng3 28. Nxg3 fxg3 29. Rxg7 Qxg7 30. Ng4 h5 31. Nh6 Bxh4 32. Nxg8 g2 33. Rg1 Bxe1 34. Qxe1 Qxg8 35. Qf2 Kh7 36. Rxg2 Ng6 37. Rg5 h4 38. Rh5+ Kg7 39. Qg2 Qd8 40. Qg4 Qe7 41. Kc2 Qf7 42. Rg5 Qf6 43. Rf5 Qe7 44. Kd2 Qd7 45. Ke3 c6 46. Rg5 Qxg4 47. Rxg4 c5 48. Kf2 Kh6 49. Kg2 Kh5 50. Kh2 a4 51. Kh3 Nf4+ 52. Rxf4 exf4 53. e5 Kg6 54. e6 a3 55. b3 1-0

[Event "Ortisei Server24 op 1st"]
[Site "Ortisei"]
[Date "2012.06.03"]
[Round "2"]
[White "Curien, Nicolas"]
[Black "Waldner, Mirko"]
[Result "1-0"]
[WhiteElo "2235"]
[BlackElo "2068"]
[PlyCount "101"]
[EventDate "2012.06.02"]
[EventType "swiss"]
[EventRounds "9"]
[EventCountry "ITA"]
[SourceTitle "EXT 2014"]
[Source "ChessBase"]
[SourceDate "2013.11.20"]
[SourceVersion "1"]
[SourceVersionDate "2013.11.20"]
[SourceQuality "1"]

1. d4 d6 2. e4 Nf6 3. Nc3 g6 4. Be3 Bg7 5. h3 c6 6. Nf3 0-0 7. a4 e5 8. dxe5 dxe5 9. Bc4 Qe7 10. 0-0 Be6 11. Bxe6 Qxe6 12. Bc5 Re8 13. Qe2 Bf8 14. Ng5 Qd7 15. Rad1 Qc7 16. Bxf8 Rxf8 17. Qc4 h6 18. Nf3 Qe7 19. Rd2 Nbd7 20. Rfd1 Rfe8 21. a5 Qe6 22. Qxe6 Rxe6 23. Rxd7 Nxd7 24. Rxd7 b6 25. a6 Kf8 26. Kf1 Re7 27. Rxe7 Kxe7 28. Nxe5 Rc8 29. Ke2 Ke6 30. Nd3 Rd8 31. Ke3 Rd7 32. f4 Re7 33. g4 Kd6 34. e5+ Kd7 35. Ne4 Ke6 36. Nf6 Rc7 37. Ke4 Rc8 38. f5+ Ke7 39. h4 Kf8 40. fxg6 fxg6 41. Nf4 g5 42. hxg5 hxg5 43. Ne6+ Ke7 44. Kf5 Rh8 45. Nh5 c5 46. c4 Rg8 47. Nf6 Rh8 48. Nd5+ Kd7 49. Nxg5 Rh1 50. e6+ Ke8 51. Ne4 1-0

[Event "Livigno op"]
[Site "Livigno"]
[Date "2010.09.14"]
[Round "5"]
[White "Skliba, Martin"]
[Black "Waldner, Mirko"]
[Result "1/2-1/2"]
[WhiteElo "2287"]
[BlackElo "2064"]
[PlyCount "85"]
[EventDate "2010.09.10"]
[EventType "swiss"]
[EventRounds "9"]
[EventCountry "ITA"]
[SourceTitle "CBM 138 Extra"]
[Source "ChessBase"]
[SourceDate "2010.10.29"]
[SourceVersion "1"]
[SourceVersionDate "2010.10.29"]
[SourceQuality "1"]

1. d4 Nf6 2. c4 g6 3. Nc3 Bg7 4. e4 d6 5. Nf3 0-0 6. h3 e5 7. d5 a5 8. Bg5 Qe8 9. g4 Nfd7 10. Rg1 Nc5 11. Nd2 Nba6 12. Nb3 b6 13. Nxc5 Nxc5 14. Be2 Bd7 15. h4 Kh8 16. h5 h6 17. Be3 g5 18. b3 Bf6 19. f3 Qe7 20. Kf2 Rfb8 21. Qc2 Qe8 22. Nb5 Bxb5 23. cxb5 Bd8 24. Bc4 Nd7 25. a3 Ra7 26. Qb2 Kg8 27. b4 a4 28. Rac1 Qe7 29. Ba2 Nf6 30. Qd2 Ne8 31. Bb1 Qd7 32. Bd3 Bf6 33. Ke2 Ng7 34. Qc2 Ne8 35. Qc4 Kf8 36. Bb1 Ng7 37. Qd3 Rd8 38. Rc6 Ne8 39. Bc2 Rb8 40. Bc1 Rd8 41. Qd1 Rda8 42. Bb2 Qe7 43. Bd3 1/2-1/2

[Event "Livigno op"]
[Site "Livigno"]
[Date "2010.09.10"]
[Round "1"]
[White "Waldner, Mirko"]
[Black "Stella, Andrea"]
[Result "0-1"]
[WhiteElo "2064"]
[BlackElo "2334"]
[PlyCount "41"]
[EventDate "2010.09.10"]
[EventType "swiss"]
[EventRounds "9"]
[EventCountry "ITA"]
[SourceTitle "CBM 138 Extra"]
[Source "ChessBase"]
[SourceDate "2010.10.29"]
[SourceVersion "1"]
[SourceVersionDate "2010.10.29"]
[SourceQuality "1"]

1. f4 d5 2. Nf3 g6 3. e3 Bg7 4. Be2 c5 5. 0-0 Nc6 6. d3 Nf6 7. Qe1 0-0 8. Nbd2 Qc7 9. Qh4 e5 10. fxe5 Nxe5 11. e4 dxe4 12. Nxe5 Qxe5 13. Nc4 Qe6 14. Bg5 Ng4 15. Rae1 h6 16. Bd2 Bd4+ 17. Kh1 b5 18. Bxg4 Qxg4 19. Nd6 exd3 20. cxd3 Bg7 21. Re7 0-1

[Event "ITA-ch U20 25th"]
[Site "Bratto"]
[Date "2002.08.28"]
[Round "9"]
[White "Waldner, Mirko"]
[Black "Buchicchio, Giancarlo"]
[Result "1-0"]
[WhiteElo "1636"]
[BlackElo "1825"]
[PlyCount "63"]
[EventDate "2002.08.20"]
[EventType "swiss"]
[EventRounds "9"]
[EventCountry "ITA"]
[SourceTitle "EXT 2007"]
[Source "ChessBase"]
[SourceDate "2006.11.23"]
[SourceVersion "1"]
[SourceVersionDate "2006.11.23"]
[SourceQuality "1"]

1. d4 Nf6 2. Nf3 c5 3. c4 g6 4. Nc3 cxd4 5. Nxd4 Nc6 6. Nxc6 bxc6 7. Bf4 Bg7 8. Qd2 h5 9. e4 Qa5 10. Bd3 Ng4 11. 0-0 Ne5 12. Rfd1 d6 13. a3 Be6 14. b4 Qd8 15. Bxe5 Bxe5 16. Rac1 a6 17. Ne2 Qb6 18. Bb1 a5 19. Ba2 axb4 20. axb4 Ra4 21. Rb1 0-0 22. c5 dxc5 23. Bxe6 fxe6 24. Qg5 Rxb4 25. Qxg6+ Bg7 26. Qxe6+ Kh7 27. Qa2 c4 28. Rxb4 Qxb4 29. Qc2 Qb3 30. Rc1 Ra8 31. Qxc4 Qb2 32. Rf1 1-0

[Event "ITA-ch U20 25th"]
[Site "Bratto"]
[Date "2002.08.20"]
[Round "1"]
[White "Waldner, Mirko"]
[Black "Braschi, Giancarlo"]
[Result "0-1"]
[WhiteElo "1636"]
[BlackElo "2124"]
[PlyCount "54"]
[EventDate "2002.08.20"]
[EventType "swiss"]
[EventRounds "9"]
[EventCountry "ITA"]
[SourceTitle "EXT 2007"]
[Source "ChessBase"]
[SourceDate "2006.11.23"]
[SourceVersion "1"]
[SourceVersionDate "2006.11.23"]
[SourceQuality "1"]

1. d4 Nf6 2. c4 e6 3. Bg5 Bb4+ 4. Nc3 c5 5. a3 Bxc3+ 6. bxc3 Qa5 7. Bd2 Nc6 8. Nf3 d6 9. e3 Qc7 10. Bd3 e5 11. Be2 0-0 12. 0-0 b6 13. Qc2 Re8 14. d5 Na5 15. Be1 Ba6 16. Nd2 e4 17. Qd1 Re5 18. f4 exf3 19. Rxf3 Rae8 20. Bf2 Ng4 21. e4 f5 22. Rxf5 Rxf5 23. exf5 Nxf2 24. Kxf2 Qe7 25. Rc1 Qe3+ 26. Kf1 Re5 27. Qe1 Nxc4 0-1